000 00465nam a22001697a 4500
003 NUST - PNEC
005 20170116180926.0
008 150905b xxu||||| |||| 00| 0 eng d
020 _a-
040 _cLIBRARY
082 _a621.3 LOG
100 _98029
_aLogan, J. C.
245 _aThe new"MINIEC" Version 3: intial concept of employment
_cJ. C. Logan and J. W. Rockway
260 _cc.1986
650 _98031
_aMechanical, Electrical
_xME,EE
942 _2ddc
_cBK
999 _c65778
_d65778